The Role of The United States in the India-Pakistan Conflict : (Record no. 7235)
[ view plain ]
| 000 -LEADER | |
|---|---|
| fixed length control field | 00686nam a2200229 a 4500 |
| 001 - CONTROL NUMBER | |
| JCCL Control Number | 7235 |
| 003 - CONTROL NUMBER IDENTIFIER | |
| JCCL marc code | BD-JhCC |
| 005 - DATE AND TIME OF LATEST TRANSACTION | |
| control field | 20180212111558.0 |
| 008 - FIXED-LENGTH DATA ELEMENTS--GENERAL INFORMATION | |
| fixed length control field | 180206s1992 bg |||| |||| 000 0 eng d |
| 035 ## - SYSTEM CONTROL NUMBER | |
| system control number | (BD-JhCC) |
| 040 ## - CATALOGING SOURCE | |
| Original cataloging agency | BD-JhCC |
| Modifying agency | BD-JhCC |
| 041 ## - LANGUAGE CODE | |
| Language code of Book | eng |
| 082 ## - DEWEY DECIMAL CLASSIFICATION NUMBER | |
| Classification number | 327.73054 |
| Author mark and Year | HUQ 1992 |
| 100 ## - MAIN ENTRY--PERSONAL NAME | |
| Personal name | Huque, Mahmidul |
| 245 ## - TITLE STATEMENT | |
| Title | The Role of The United States in the India-Pakistan Conflict : |
| Remainder of title | 1947-1971 quest for the stability / |
| Statement of responsibility, etc | Mahmudul Huque |
| 260 ## - PUBLICATION, DISTRIBUTION, ETC. (IMPRINT) | |
| Place of publication, distribution, etc | Dhaka: |
| Name of publisher, distributor, etc | Academis Publishers; |
| Date of publication, distribution, etc | 1992 |
| 300 ## - PHYSICAL DESCRIPTION | |
| Pagination | 216 p;, |
| Dimensions | 22 cm |
| 650 ## - SUBJECT ADDED ENTRY--TOPICAL TERM | |
| Topical term or geographic name as entry element | United states -- Foreign Relation |
| 650 ## - SUBJECT ADDED ENTRY--TOPICAL TERM | |
| Topical term or geographic name as entry element | politics and government |
| 650 ## - SUBJECT ADDED ENTRY--TOPICAL TERM | |
| Topical term or geographic name as entry element | Diplomatic relations |
| 942 ## - ADDED ENTRY ELEMENTS (KOHA) | |
| Source of classification or shelving scheme | Dewey Decimal Classification |
| Koha item type | Books |
| Source of classification or shelving scheme | Damaged status | Not for loan | Home library | Current library | Shelving location | Date of accession | Total Checkouts | Full call number | Barcode | Date last seen | Copy number | Koha item type |
|---|---|---|---|---|---|---|---|---|---|---|---|---|
| Dewey Decimal Classification | JCC Rouf Library | JCC Rouf Library | General Stacks | 02/06/2018 | 327.73054 HUQ 1992 | 9748 | 02/06/2018 | C-1 | Books |